Good practice briefing (Record no. 103867)
[ view plain ]
| 000 -LEADER | |
|---|---|
| fixed length control field | 01270cam a2200301 4500 |
| 001 - CONTROL NUMBER | |
| control field | J128076 |
| 008 - FIXED-LENGTH DATA ELEMENTS--GENERAL INFORMATION | |
| fixed length control field | 000000n2004 000 0 eng u |
| 035 ## - SYSTEM CONTROL NUMBER | |
| System control number | (Sirsi) u128076 |
| 041 ## - LANGUAGE CODE | |
| Language code of text/sound track or separate title | eng |
| 050 ## - LIBRARY OF CONGRESS CALL NUMBER | |
| Classification number | 306 |
| -- | 18 |
| 110 ## - MAIN ENTRY--CORPORATE NAME | |
| Corporate name or jurisdiction name as entry element | Chartered Institute of Housing |
| 9 (RLIN) | 2394 |
| 245 ## - TITLE STATEMENT | |
| Title | Good practice briefing |
| Remainder of title | innovation in resident involvement - a dissemination of the Innovation into Action Programme - issue 27 January 2004 |
| 260 ## - PUBLICATION, DISTRIBUTION, ETC. | |
| Place of publication, distribution, etc. | Coventry |
| -- | Chartered Institute of Housing |
| Date of publication, distribution, etc. | 2004 |
| 300 ## - PHYSICAL DESCRIPTION | |
| Extent | 15p. |
| Dimensions | 30cm. |
| 350 ## - PRICE (NR) (BK AM CF MU VM SE) [OBSOLETE] | |
| Price | 10 |
| 490 ## - SERIES STATEMENT | |
| Series statement | CIH Good Practice Briefing |
| Volume/sequential designation | 27 |
| 505 ## - FORMATTED CONTENTS NOTE | |
| Formatted contents note | Tenant involvement - the policy context |
| 505 ## - FORMATTED CONTENTS NOTE | |
| Formatted contents note | Tenant involvement - the national context |
| 505 ## - FORMATTED CONTENTS NOTE | |
| Formatted contents note | The Innovation in Action grant programme |
| 505 ## - FORMATTED CONTENTS NOTE | |
| Formatted contents note | Successful Innovation in Action projects |
| 505 ## - FORMATTED CONTENTS NOTE | |
| Formatted contents note | Funding sources |
| 520 ## - SUMMARY, ETC. | |
| Summary, etc. | Innovation into Action (IiA) is a grant programme that funds projects to develop new ways to involve residents in managing their housing. This Briefing introduces the IiA programme, highlights case studies and looks at the lessons learned in developing the projects. |
| 650 ## - SUBJECT ADDED ENTRY--TOPICAL TERM | |
| Topical term or geographic name entry element | TENANT PARTICIPATION |
| 650 ## - SUBJECT ADDED ENTRY--TOPICAL TERM | |
| Topical term or geographic name entry element | SOCIAL HOUSING |
| 650 ## - SUBJECT ADDED ENTRY--TOPICAL TERM | |
| Topical term or geographic name entry element | REGISTERED SOCIAL LANDLORDS |
| 690 ## - LOCAL SUBJECT ADDED ENTRY--TOPICAL TERM (OCLC, RLIN) | |
| Topical term or geographic name as entry element | HOUSING |
| 942 ## - ADDED ENTRY ELEMENTS (KOHA) | |
| Suppress in OPAC | 0 |
| Withdrawn status | Lost status | Source of classification or shelving scheme | Damaged status | Not for loan | Home library | Current library | Shelving location | Date acquired | Total Checkouts | Full call number | Barcode | Date last seen | Copy number | Price effective from | Koha item type |
|---|---|---|---|---|---|---|---|---|---|---|---|---|---|---|---|
| Dewey Decimal Classification | London | London | Enquiry desk | 22/11/2004 | BOXED SET | 30069712 | 06/08/2019 | 1 | 06/08/2019 | Book |